| 000 | 01896nam a2200373 a 4500 | ||
|---|---|---|---|
| 003 | BLK | ||
| 005 | 20240131113402.0 | ||
| 008 | 180412b bul|||||r ||||||| ||bul|| | ||
| 010 | _aKNG00002868000 | ||
| 040 | _aBLK | ||
| 041 |
_aBUL _cBUL |
||
| 080 |
_aПомощни съдебни науки. Съдебна психология. Съдебна химия. Съдебна медицина. Съдебномедицинска експертиза. Експерти, съдебнотехн. и счетовод. експертиза, съдебна токсикология. Вж и 343 _b340.6 _z340.6 |
||
| 080 |
_aНаказателно право. Наказателен процес. Учение за престъплението. Криминология. Вж и 341.4 ; 344 ; 348 _b343 _x(497.2) _z343(497.2) |
||
| 100 | 1 |
_aРачев, Иван Калчев _eпърви автор _9245052 |
|
| 139 |
_aРачев, Иван Калчев и др. _bР 41 |
||
| 245 | 1 | 0 |
_aПсихичните увреждания и промените на съзнанието като "телесна повреда" _bИзследване _cИван Калчев Рачев; съавт. Йордан Александров Стоименов. |
| 257 | _aBGR | ||
| 260 |
_aЛовеч _bИван Рачев _c1994 |
||
| 300 |
_a158 с. _c23 см |
||
| 380 | _a3 | ||
| 500 | _a2 000 тир. | ||
| 650 | 4 |
_aСъдебна психиатрия _9245054 |
|
| 650 | 4 |
_aНаказателно право - България _9242654 |
|
| 653 | _aувреждания | ||
| 653 | _aпсихични болести | ||
| 700 | 1 |
_aСтоименов, Йордан Александров _eсъавт. _9245053 |
|
| 852 |
_aЦб 180154 _bЦб |
||
| 856 | 4 |
_qpdf _u |
|
| 856 | 4 |
_qpdf _u |
|
| 942 |
_cKNG _n0 |
||
| 944 |
_aCR _c15.01.2003 _k30534 _lРадостина Карадакова |
||
| 944 |
_aED _c08.05.2015 |
||
| 999 |
_c1951 _d1951 |
||
| 999 | _d1951 | ||